[Event "Challenge"]
[Site "http://www.queenalice.com/game.php?id=1591112"]
[Date "2019.11.23"]
[Round "-"]
[White "Rommel"]
[Black "Chphil"]
[Result "0-1"]
[WhiteElo "2034"]
[BlackElo "2118"]

1. e4 c5 2. Nf3 Nc6 3. d4 cxd4 4. Nxd4 Nf6 5. Nc3 d6 6. Bg5 e6 7. Bb5 Bd7 8. O-O
Be7 9. f4 O-O 10. Qe2 Nxd4 11. Qd3 e5 12. Bxd7 Nxd7 13. Bxe7 Qxe7 14. Nd5 Qd8
15. c3 Nc6 16. f5 Rb8 17. Qg3 Nf6 18. Nxf6+ Qxf6 19. b3 a5 20. Rad1 b5 21. Rd5
b4 22. Rfd1 Rfd8 23. c4 Nd4 24. Kh1 Ne2 25. Qd3 Nf4 26. Rxd6 Nxd3 27. Rxf6 gxf6
0-1

[Event "Let's Play Chess!"]
[Site "http://www.queenalice.com/game.php?id=1592560"]
[Date "2019.12.8"]
[Round "-"]
[White "Chphil"]
[Black "E5150"]
[Result "0-1"]
[WhiteElo "2134"]
[BlackElo "2478"]

1. e4 c5 2. Nf3 e6 3. d4 cxd4 4. Nxd4 Nc6 5. Nxc6 bxc6 6. Nc3 Nf6 7. Bg5 d5 8.
e5 h6 9. Bh4 Qb6 10. Rb1 Qb4 11. Bxf6 gxf6 12. exf6 Qf4 13. Qf3 Qxf3 14. gxf3
Bd6 15. Be2 h5 16. a3 a5 17. b4 axb4 18. axb4 Rh6 19. Rg1 Bxh2 20. Rg8+ Kd7 21.
Rg7 Rxf6 22. Rh7 Bd6 23. Rxh5 Rf4 24. b5 Bb7 25. bxc6+ Bxc6 26. Nb5 Rb4 27. Rxb4
Ra1+ 28. Kd2 Bxb4+ 29. Ke3 Bc5+ 30. Kd2 Rb1 31. c4 Rb2+ 32. Kd1 Bxf2 33. cxd5
exd5 34. Nc3 Be3 35. Re5 d4 36. f4 Bd2 37. Bg4+ Kc7 38. Nd5+ Kb8 39. Nb6 d3 40.
Nd7+ Ka8 41. Nc5 Bc3 42. Nxd3 Rd2+ 43. Kc1 Rxd3 44. Rc5 Ba4 45. Be2 Rh3 46. Rh5
Rxh5 47. Bxh5 f6 48. Kb1 Bd2 49. Ka2 Bxf4 0-1

[Event "Let's Play Chess!"]
[Site "http://www.queenalice.com/game.php?id=1593940"]
[Date "2019.12.24"]
[Round "-"]
[White "Chphil"]
[Black "igorjava"]
[Result "0-1"]
[WhiteElo "2117"]
[BlackElo "2001"]

1. e4 c5 2. Nf3 d6 3. d4 cxd4 4. Nxd4 Nf6 5. Nc3 e5 6. Nb3 a6 7. Bd3 Bg4 8. Be2
Be6 9. O-O Be7 10. Be3 b5 11. a3 O-O 12. Nd5 Bxd5 13. exd5 Nbd7 14. c4 bxc4 15.
Bxc4 Nb6 16. Na5 Qd7 17. Bxb6 Ne8 18. Rb1 f5 19. Nc6 Nc7 20. Nxe7+ Qxe7 21. Bxc7
Qxc7 22. Qa4 Rfc8 23. Bxa6 Qb6 24. Rfc1 Qxa6 25. Qxa6 Rxc1+ 26. Rxc1 Rxa6 27.
Rc8+ Kf7 28. Rc7+ Kf6 29. Rc6 Rxc6 30. dxc6 Ke7 31. b4 d5 32. b5 Kd6 33. a4 d4
34. Kf1 e4 35. Ke2 Kc7 36. Kd2 f4 37. f3 e3+ 38. Kd3 Kb6 39. Kxd4 e2 0-1

[Event "Let's Play Chess!"]
[Site "http://www.queenalice.com/game.php?id=1594474"]
[Date "2019.12.28"]
[Round "-"]
[White "HTH"]
[Black "Chphil"]
[Result "1-0"]
[WhiteElo "2367"]
[BlackElo "2139"]

1. e4 c5 2. Be2 d6 3. Nf3 Nc6 4. c3 Nf6 5. d4 cxd4 6. cxd4 Nxe4 7. d5 Qa5+ 8.
Nc3 Nxc3 9. bxc3 Ne5 10. O-O Nxf3+ 11. Bxf3 Qxc3 12. Bd2 Qc7 13. Rc1 Qd8 14.
Qa4+ Bd7 15. Qb4 b6 16. Rfe1 Qb8 17. Bf4 a5 18. Qa3 Kd8 19. Be3 b5 20. Bd4 b4
21. Qe3 1-0

[Event "Challenge"]
[Site "http://www.queenalice.com/game.php?id=1597197"]
[Date "2020.1.23"]
[Round "-"]
[White "Chphil"]
[Black "Tarasca"]
[Result "0-1"]
[WhiteElo "2132"]
[BlackElo "2216"]

1. e4 c5 2. Nf3 d6 3. d4 cxd4 4. Nxd4 Nf6 5. Nc3 a6 6. Bg5 e6 7. Bd3 Be7 8. O-O
Nxe4 9. Bxe7 Nxc3 10. Bxd8 Nxd1 11. Bc7 Nxb2 12. Bxd6 Nxd3 13. cxd3 Bd7 14. Rab1
Nc6 15. Nf3 b5 16. d4 f6 17. Rbd1 Kf7 18. d5 exd5 19. Rxd5 Be6 20. Rc5 Rac8 21.
Rfc1 Rhd8 22. Rxc6 Rxd6 23. Rxc8 Bxc8 24. Rc7+ Rd7 25. Rxd7+ Bxd7 26. Nd4 Ke7
27. Kf1 Kd6 28. Ke2 b4 29. Kd3 Kd5 30. Nb3 Bf5+ 31. Kd2 Kc4 32. Na5+ Kb5 33. Nb3
Bb1 0-1

[Event "Let's Play Chess!"]
[Site "http://www.queenalice.com/game.php?id=1599414"]
[Date "2020.2.13"]
[Round "-"]
[White "Chphil"]
[Black "Joepac"]
[Result "1/2-1/2"]
[WhiteElo "2102"]
[BlackElo "2267"]

1. e4 c5 2. Nf3 Nc6 3. d4 cxd4 4. Nxd4 g6 5. Nxc6 bxc6 6. Nc3 Bg7 7. Bc4 Qc7 8.
O-O Nf6 9. Re1 d6 10. Bg5 h6 11. Bf4 Nd7 12. a3 Ne5 13. Bxe5 Bxe5 14. Rb1 O-O
15. Qd3 e6 16. Rbd1 d5 17. Ba2 Bxh2+ 18. Kh1 Bd6 19. exd5 cxd5 20. Nb5 Qb8 21.
Nxd6 Qxd6 22. c4 Qb6 23. cxd5 Qxb2 24. Rd2 Qf6 25. dxe6 Bxe6 26. Bxe6 fxe6 27.
Rde2 Rae8 28. Re3 Kg7 29. f3 e5 30. Kg1 Re6 31. Re4 Rfe8 32. Qe3 R8e7 33. Kf2
Ra6 34. a4 Ra5 35. Re2 Qb6 36. Qxb6 axb6 37. Rb4 Re6 38. Reb2 h5 39. Rxb6 Rxb6
40. Rxb6 Rxa4 41. Re6 Ra5 42. g4 hxg4 43. fxg4 Kh6 44. Ke3 Kg5 45. Kf3 Ra3+ 46.
Kf2 Rb3 47. Rxe5+ Kf4 48. Re6 g5 49. Rf6+ Kxg4 50. Rg6 Rb2+ 51. Kg1 Ra2 52. Rg8
Kh4 53. Rf8 Kg3 54. Rf1 g4 55. Rb1 Ra3 56. Kh1 Ra2 57. Rb3+ Kf2 58. Kh2 Rd2 59.
Rg3 Rd8 60. Rg2+ Kf3 61. Rg3+ Kf4 62. Rg2 Rg8 63. Rf2+ Kg5 64. Kg3 Rh8 65. Rh2
Rxh2 66. Kxh2 Kf4 67. Kg2 g3 68. Kg1 Kf3 69. Kf1 Kf4 70. Kg2 Kg4 71. Kg1 Kf3 72.
Kf1 g2+ 73. Kg1 Kg3 1/2-1/2

[Event "Let's Play Chess!"]
[Site "http://www.queenalice.com/game.php?id=1599415"]
[Date "2020.2.13"]
[Round "-"]
[White "Joepac"]
[Black "Chphil"]
[Result "0-1"]
[WhiteElo "2141"]
[BlackElo "2127"]

1. d4 d5 2. c4 c6 3. Nf3 e6 4. Qc2 Nf6 5. Bg5 Be7 6. e3 Nbd7 7. Nc3 O-O 8. Rd1
b6 9. cxd5 cxd5 10. Bd3 Bb7 11. O-O h6 12. Bh4 Rc8 13. Rc1 g5 14. Bg3 Ne4 15.
Qe2 Nxg3 16. hxg3 Kg7 17. Ne5 Nxe5 18. dxe5 d4 19. exd4 Qxd4 20. Rfd1 Qb4 21. a3
Qa5 22. Nb5 a6 23. Nd6 Bxd6 0-1

[Event "Challenge"]
[Site "http://www.queenalice.com/game.php?id=1600274"]
[Date "2020.2.21"]
[Round "-"]
[White "szachowykat"]
[Black "Chphil"]
[Result "0-1"]
[WhiteElo "2236"]
[BlackElo "2117"]

1. e4 c5 2. c3 d5 3. e5 Nc6 4. f4 e6 5. Nf3 Nge7 6. d3 g6 7. Be2 Bg7 8. O-O O-O
9. Na3 a6 10. Nc2 d4 11. c4 b5 12. b3 Bb7 13. Ng5 Nf5 14. Ne4 Qb6 15. g4 Nh4 16.
Qe1 Nb4 17. Nxb4 cxb4 18. Qxh4 Bxe4 19. dxe4 d3+ 20. Qf2 Qxf2+ 21. Rxf2 dxe2 22.
Rxe2 bxc4 23. bxc4 Rac8 24. Rc2 Rc6 25. Be3 Rfc8 26. Rac1 Bf8 27. c5 Rd8 28. Kf2
Rdc8 29. h4 Kg7 30. f5 a5 31. f6+ Kg8 32. h5 gxh5 33. gxh5 h6 34. Ke2 Rb8 35.
Rd2 Rbc8 36. Rg1+ Kh8 37. Rd6 Bxd6 38. exd6 Rd8 39. Kd3 e5 40. Rg2 a4 41. Rb2
Rb8 42. Kc4 b3 43. axb3 Ra6 44. b4 a3 45. Ra2 Ra4 46. Bd2 Kg8 47. c6 Ra6 48. Kc5
Rbb6 49. b5 Rxb5+ 50. Kxb5 Ra8 0-1

[Event "AUTO-MASTER-2942"]
[Site "http://www.queenalice.com/game.php?id=1606581"]
[Date "2020.4.8"]
[Round "1"]
[White "jpribeiro"]
[Black "Chphil"]
[Result "0-1"]
[WhiteElo "1974"]
[BlackElo "2107"]

1. e4 c5 2. Nf3 d6 3. Bb5+ Bd7 4. Bxd7+ Nxd7 5. d4 cxd4 6. Nxd4 Ngf6 7. Nc3 e6
8. Be3 Be7 9. f3 O-O 10. Qd2 Qc7 11. Ndb5 Qa5 12. O-O a6 13. Nxd6 Qc7 14. e5
Nxe5 15. Nde4 Nc4 16. Nxf6+ Bxf6 17. Qf2 Nxb2 18. Ne4 Be7 19. Bb6 Qc6 20. Bd4
Nc4 21. Qg3 g6 22. Qh3 f5 23. Nc3 Bc5 24. Bxc5 Qxc5+ 25. Rf2 Ne3 26. Nd1 Nxd1
27. Rxd1 Rfd8 28. Rf1 Qc3 29. Rb1 b5 30. Rb3 Rd1+ 31. Rf1 Qd4+ 0-1

[Event "AUTO-MASTER-2942"]
[Site "http://www.queenalice.com/game.php?id=1606582"]
[Date "2020.4.8"]
[Round "1"]
[White "Chphil"]
[Black "jpribeiro"]
[Result "1/2-1/2"]
[WhiteElo "2127"]
[BlackElo "2008"]

1. e4 e5 2. Nf3 Nf6 3. Nxe5 d6 4. Nf3 Nxe4 5. Qe2 Qe7 6. d3 Nf6 7. Qxe7+ Bxe7 8.
Be2 O-O 9. O-O h6 10. Nc3 c5 11. Be3 Nc6 12. a3 d5 13. d4 c4 14. b4 a6 15. Ne5
Be6 16. f4 Bf5 17. Rac1 Rad8 18. g4 Bh7 19. Bf3 Be4 20. Bxe4 Nxe4 21. Nxe4 dxe4
22. Nxc6 bxc6 23. f5 Bf6 24. c3 Bh4 25. Rf4 Rfe8 26. Rff1 Kh7 27. Rfd1 Bg5 28.
Bxg5 hxg5 29. Rd2 e3 30. Re2 Re4 31. Rce1 Rde8 32. h3 R4e7 33. Kg2 Re4 34. Kf3
Rf4+ 35. Kg3 Rfe4 36. Kf3 Rf4+ 37. Kg3 Rfe4 1/2-1/2

[Event "AUTO-MASTER-2942"]
[Site "http://www.queenalice.com/game.php?id=1606597"]
[Date "2020.4.8"]
[Round "1"]
[White "Chphil"]
[Black "parapunzi"]
[Result "0-1"]
[WhiteElo "2123"]
[BlackElo "2486"]

1. e4 c5 2. Nf3 e6 3. d4 cxd4 4. Nxd4 a6 5. Nc3 Qc7 6. Be2 Nf6 7. O-O Nc6 8. Be3
Bb4 9. Nxc6 bxc6 10. Bd2 O-O 11. Bd3 d5 12. Nxd5 Nxd5 13. exd5 Bxd2 14. Qxd2
cxd5 15. Rfe1 Rd8 16. c3 a5 17. a3 a4 18. Rec1 Ba6 19. Bxa6 Rxa6 20. Qc2 Qc4 21.
Rab1 Rb8 22. Rd1 Rc6 23. Qd3 Qxd3 0-1

[Event "AUTO-MASTER-2942"]
[Site "http://www.queenalice.com/game.php?id=1606598"]
[Date "2020.4.8"]
[Round "1"]
[White "parapunzi"]
[Black "Chphil"]
[Result "1-0"]
[WhiteElo "2487"]
[BlackElo "2122"]

1. e4 c5 2. Nf3 d6 3. c3 Nf6 4. Qc2 e6 5. d4 cxd4 6. cxd4 Nc6 7. Nc3 Be7 8. a3
O-O 9. h3 a6 10. Bd3 h6 11. O-O Bd7 12. Be3 b5 13. e5 Nd5 14. Nxd5 exd5 15. Qd2
dxe5 16. dxe5 f5 17. Rac1 Na5 18. Bb1 Bc8 19. Nd4 Nc4 20. Qe2 Nxe5 21. Bxh6 gxh6
22. Qxe5 Qd6 23. Rfe1 1-0

[Event "AUTO-MASTER-2942"]
[Site "http://www.queenalice.com/game.php?id=1606599"]
[Date "2020.4.8"]
[Round "1"]
[White "Chphil"]
[Black "jupar"]
[Result "1/2-1/2"]
[WhiteElo "2123"]
[BlackElo "1921"]

1. e4 e5 2. Nf3 Nc6 3. d4 exd4 4. Nxd4 d6 5. Bb5 Bd7 6. O-O Nf6 7. Nxc6 bxc6 8.
Bd3 Be7 9. Nc3 a5 10. a4 O-O 11. Bg5 h6 12. Bh4 Be6 13. Re1 Re8 14. f4 Bg4 15.
Be2 Bxe2 16. Qxe2 Nd7 17. Bxe7 Qxe7 18. Rad1 Rab8 19. b3 Nf6 20. e5 Nd5 21. Nxd5
cxd5 22. Rxd5 Qd7 23. c4 Rxb3 24. c5 Qc6 25. Qe4 Rb4 26. Qd3 dxc5 27. f5 c4 28.
Qd4 c3 29. Rc5 Rxd4 30. Rxc6 Rxa4 31. Rxc3 Ra2 32. Rxc7 a4 33. h4 a3 34. e6 fxe6
35. fxe6 Rd2 36. e7 a2 37. Ra1 Re2 38. Ra7 R8xe7 39. R7xa2 Re1+ 40. Rxe1 Rxe1+
41. Kf2 Re4 42. Re2 Rxh4 43. Kg3 Rh5 44. Kg4 Rg5+ 45. Kf3 Kh7 46. Re7 h5 47. g3
Kh6 48. Re6+ g6 49. Re4 Rf5+ 50. Kg2 Kg5 51. Kh3 Rf3 52. Re5+ Kf6 53. Re4 g5 54.
Kg2 g4 55. Ra4 Rb3 56. Ra6+ Kf5 57. Ra5+ Kg6 58. Ra6+ Kf5 59. Ra5+ Ke4 60. Rxh5
Rb2+ 61. Kg1 Kf3 62. Rd5 Kxg3 63. Rd3+ Kh4 64. Rd1 Kh3 65. Rd3+ g3 66. Rd1 Ra2
67. Kh1 Re2 68. Ra1 Kg4 69. Ra4+ Kf3 70. Ra3+ Kf2 71. Ra1 Kf3 72. Rf1+ Ke3 73.
Kg1 Rf2 74. Rxf2 gxf2+ 75. Kf1 Kf3 1/2-1/2

[Event "AUTO-MASTER-2942"]
[Site "http://www.queenalice.com/game.php?id=1606600"]
[Date "2020.4.8"]
[Round "1"]
[White "jupar"]
[Black "Chphil"]
[Result "0-1"]
[WhiteElo "2118"]
[BlackElo "2115"]

1. e4 c5 2. Nf3 d6 3. c3 Nf6 4. Be2 g6 5. h3 Bg7 6. O-O O-O 7. Qc2 Nc6 8. a3 e6
9. d4 cxd4 10. cxd4 Bd7 11. b4 a6 12. Be3 d5 13. e5 Ne4 14. Nc3 Rc8 15. Rac1
Nxc3 16. Qxc3 Nxe5 17. Qxc8 Nxf3+ 18. Bxf3 Bxc8 19. Rc2 f5 20. Rfc1 Qd7 21. Rc7
Qa4 22. Rxc8 Qxa3 23. Rxf8+ Bxf8 24. Rc8 Qa1+ 25. Kh2 Kf7 26. Rc7+ Kf6 27. Rxh7
Bd6+ 28. g3 Bxb4 29. h4 f4 30. Bxf4 Qxd4 31. Bg5+ Ke5 32. Bf4+ Kf6 33. Be3 Qd3
34. Kg2 Bd2 35. Bc5 b5 36. Bd6 a5 37. g4 g5 38. Be7+ Kg6 39. Rh8 b4 40. h5+ Kg7
41. Ra8 e5 42. Bf8+ Kf7 43. Bc5 e4 44. Bd1 b3 45. Ra7+ Kf6 46. h6 Kg6 47. Bf8 b2
48. h7 Bc3 49. Rc7 b1=Q 50. Be2 Qxe2 51. Rxc3 Qbf1+ 0-1

[Event "Challenge"]
[Site "http://www.queenalice.com/game.php?id=1615371"]
[Date "2020.6.6"]
[Round "-"]
[White "juanzv"]
[Black "Chphil"]
[Result "1/2-1/2"]
[WhiteElo "2054"]
[BlackElo "2131"]

1. d4 Nf6 2. Bg5 e6 3. e4 h6 4. Bxf6 Qxf6 5. Nc3 Bb4 6. Qd2 O-O 7. f4 Bxc3 8.
bxc3 d5 9. e5 Qe7 10. Nf3 Nc6 11. Bd3 a6 12. O-O b5 13. Be2 Bb7 14. Bd3 Na5 15.
Qc1 Nc4 16. Re1 c6 17. Qb1 Qa3 18. Bxc4 dxc4 19. Qb4 Qxb4 20. cxb4 a5 21. a3 Ra7
22. c3 Rfa8 23. Re3 axb4 24. cxb4 Ra4 25. Ree1 Rxa3 26. Rxa3 Rxa3 27. Rb1 Rb3
28. Nd2 Rxb1+ 29. Nxb1 Kh7 30. Kf2 Kg6 31. g4 f5 32. h3 fxg4 33. hxg4 h5 34. Kg3
Bc8 35. Nc3 Bd7 36. Na2 Bc8 37. Kh4 hxg4 38. Kxg4 Bd7 39. Nc3 Be8 40. Ne4 Bf7
41. Nc3 Be8 42. Ne4 Bf7 43. Nc3 Be8 1/2-1/2

[Event "Challenge"]
[Site "http://www.queenalice.com/game.php?id=1615604"]
[Date "2020.6.8"]
[Round "-"]
[White "Chphil"]
[Black "christian_labat"]
[Result "1-0"]
[WhiteElo "2133"]
[BlackElo "2113"]

1. e4 e5 2. Nf3 Nf6 3. Nxe5 d6 4. Nf3 Nxe4 5. Qe2 Qe7 6. d3 Nf6 7. Qxe7+ Bxe7 8.
Be2 Nc6 9. O-O O-O 10. Nc3 a6 11. Bg5 h6 12. Bxf6 Bxf6 13. Rfd1 Re8 14. d4 Bd7
15. Bc4 Bg4 16. Nd5 Bd8 17. Re1 Kf8 18. Rxe8+ Kxe8 19. Re1+ Kf8 20. c3 Bxf3 21.
gxf3 Ne7 22. Nxe7 Bxe7 23. Re4 c6 24. d5 b5 25. Bb3 c5 26. c4 Bf6 27. Re2 Bd4
28. Kg2 Rb8 29. cxb5 axb5 30. f4 Ra8 31. a3 Rc8 32. a4 c4 33. Bd1 b4 34. b3 c3
35. Bc2 Rc5 36. Re1 Bf6 37. Re4 Rxd5 38. Kf3 Bd4 39. h3 Bc5 40. Re1 Rd2 41. Re2
Rd5 42. f5 Rd4 43. a5 Ba7 44. Re4 Rd5 45. Rxb4 Rd2 46. Rb7 Rxf2+ 47. Ke4 Bc5 48.
Kd3 Rxf5 49. a6 Rf3+ 50. Kc4 Rxh3 51. b4 Bf2 52. a7 Bxa7 53. Rxa7 Rh4+ 54. Kxc3
Rh5 55. Ra8+ Ke7 56. Bd3 Kd7 57. b5 Rc5+ 58. Kb4 f5 59. Ra7+ Kc8 60. Rxg7 h5 61.
b6 Kb8 62. Ba6 Rc8 63. Rb7+ Ka8 64. Ra7+ Kb8 65. Bxc8 Kxc8 66. Kb5 1-0

[Event "Challenge"]
[Site "http://www.queenalice.com/game.php?id=1638153"]
[Date "2020.12.30"]
[Round "-"]
[White "Chphil"]
[Black "Experimentator"]
[Result "0-1"]
[WhiteElo "2131"]
[BlackElo "2185"]

1. e4 h5 2. d4 a5 3. c4 h4 4. Nf3 a4 5. Nc3 h3 6. gxh3 d6 7. Nxa4 g6 8. Bg2 Bxh3
9. Bxh3 Rxh3 10. Nc3 Nd7 11. Bf4 c5 12. Ng5 cxd4 13. Nxh3 dxc3 14. bxc3 Ngf6 0-1

[Event "Challenge"]
[Site "http://www.queenalice.com/game.php?id=1638523"]
[Date "2021.1.1"]
[Round "-"]
[White "Chphil"]
[Black "Experimentator"]
[Result "0-1"]
[WhiteElo "2131"]
[BlackElo "2216"]

1. e4 h5 2. d4 a5 3. c4 h4 4. Nf3 a4 5. Nc3 h3 6. gxh3 d6 7. Nxa4 g6 8. Bg2 Bxh3
9. Bxh3 Rxh3 10. Nc3 Nd7 11. Bf4 c5 12. d5 Bg7 13. Qe2 Bxc3+ 14. bxc3 Ra3 15.
O-O Qa5 0-1

[Event "Challenge"]
[Site "http://www.queenalice.com/game.php?id=1638683"]
[Date "2021.1.2"]
[Round "-"]
[White "Experimentator"]
[Black "Chphil"]
[Result "1-0"]
[WhiteElo "2201"]
[BlackElo "2131"]

1. h4 e5 2. a4 d5 3. h5 c5 4. a5 Nf6 5. h6 gxh6 6. d3 Bg7 7. Bxh6 Bxh6 8. Rxh6
Nbd7 9. e4 d4 10. g3 Nf8 11. Nd2 Ng6 12. Bh3 Bxh3 13. Nxh3 O-O 14. Ng1 Kg7 15.
Rh1 Rh8 16. Ngf3 1-0

[Event "Challenge"]
[Site "http://www.queenalice.com/game.php?id=1643201"]
[Date "2021.2.10"]
[Round "-"]
[White "christian_labat"]
[Black "Chphil"]
[Result "1-0"]
[WhiteElo "2087"]
[BlackElo "2116"]

1. d4 Nf6 2. c4 e6 3. Nf3 Bb4+ 4. Nbd2 O-O 5. a3 Bxd2+ 6. Bxd2 d5 7. e3 Nbd7 8.
Rc1 Re8 9. Bd3 c6 10. cxd5 exd5 11. O-O Ne4 12. Be1 Ndf6 13. Qc2 Bf5 14. Nh4 Bc8
15. g3 Ng5 16. Bd2 Bh3 17. Rfd1 Nge4 18. f3 Nxd2 19. Qxd2 Qd6 20. Bb1 Qe6 21.
Re1 g5 22. Ng2 h6 23. b4 Kg7 24. f4 Qg4 25. Qe2 Qxe2 26. Rxe2 Ng4 27. Rc3 Nf6
28. Ne1 Ne4 29. Rb3 Bg4 30. Reb2 Nd6 31. Kf2 Nc4 32. Ra2 b5 33. Nf3 Bxf3 34.
Kxf3 Re7 35. e4 dxe4+ 36. Bxe4 g4+ 37. Kxg4 Rxe4 38. Rd3 Rd8 39. Rf2 Rdxd4 40.
Rc3 Ne3+ 41. Kf3 Nd1 42. Rxc6 Nxf2 43. Kxf2 Rd2+ 44. Kf3 Rc4 45. Ra6 Rd3+ 46.
Kg4 Rc7 47. a4 bxa4 48. Rxa4 Rd4 49. h4 Rb7 50. Ra6 Rdxb4 51. Ra5 Re7 52. Ra6
Rb6 53. Ra5 Rg6+ 54. Kf3 Rb7 55. Ra3 Rgb6 56. Ra5 Rb3+ 57. Kg4 Re7 58. Ra6 Rb6
59. Ra3 Rg6+ 60. Kf3 f5 61. Ra5 Rf6 62. Ra2 Rfe6 63. Ra5 Re3+ 64. Kg2 1-0

[Event "Let's Play Chess!"]
[Site "http://www.queenalice.com/game.php?id=1650097"]
[Date "2021.4.19"]
[Round "-"]
[White "igorjava"]
[Black "Chphil"]
[Result "0-1"]
[WhiteElo "2005"]
[BlackElo "2103"]

1. e4 e5 2. f4 exf4 3. Nf3 g5 4. h3 Nf6 5. e5 Nh5 6. d4 Ng3 7. Rg1 d6 8. Bc4 Bg7
9. Nc3 dxe5 10. dxe5 Qxd1+ 11. Kxd1 O-O 12. Ne2 Nxe2 13. Kxe2 Re8 14. Kf2 Bxe5
15. Nxe5 Rxe5 16. Re1 Rxe1 17. Kxe1 Nc6 18. c3 Ne5 19. Bb3 Nd3+ 20. Ke2 Nc5 21.
Bd5 c6 22. Bf3 Bf5 23. b3 Nd3 24. Ba3 Re8+ 25. Kf1 Ne5 26. Be2 g4 27. hxg4 Bxg4
28. Bxg4 Nxg4 29. Re1 Rxe1+ 30. Kxe1 Ne3 31. Bc1 Nxg2+ 32. Kf2 Nh4 33. Bxf4 Kg7
34. Kg3 Ng6 35. Bb8 a6 36. Kg4 Kf6 37. Bc7 b5 38. c4 bxc4 39. bxc4 Ne5+ 40.
Bxe5+ Kxe5 0-1

[Event "Rock'n'Roll "]
[Site "http://www.queenalice.com/game.php?id=1660389"]
[Date "2021.4.23"]
[Round "-"]
[White "bobifixer"]
[Black "Chphil"]
[Result "1-0"]
[WhiteElo "2096"]
[BlackElo "2129"]

1. Nf3 Nf6 2. d4 d5 3. g3 g6 4. Bg2 Bg7 5. O-O O-O 6. b3 b6 7. Bb2 Bb7 8. Nbd2
Nc6 9. Rc1 Nb4 10. a3 Na6 11. c4 c5 12. dxc5 1-0